Оценка возможности использования черенковского излучения для охлаждения протонного пучка по его энергетическим потерям; Перспективы развития фундаментальных наук; Т. 1 : Физика
| Parent link: | Перспективы развития фундаментальных наук=Prospects of Fundamental Sciences Development: сборник научных трудов XIV Международной конференции студентов, аспирантов и молодых ученых, г. Томск, 25-28 апреля 2017 г./ Национальный исследовательский Томский политехнический университет (ТПУ) ; под ред. И. А. Курзиной, Г. А. Вороновой.— , 2017 Т. 1 : Физика.— 2017.— [С. 210-212] |
|---|---|
| Hovedforfatter: | |
| Institution som forfatter: | |
| Andre forfattere: | , |
| Summary: | Заглавие с экрана Одной из основных задач современной физики ускорителей является увеличение энергииускоренных заряженных частиц, изучение столкновения которых позволит ученым выйти за пределы Стандартной модели. Однако, с повышением энергии столкновения пучков, возрастают требования как к оборудованию, так и к характеристикам самого пучка. Одной из проблем при работе с протонными пучками является увеличение фазового объема пучка, так называемое "нагревание" протонов вследствие большого разброса кинетической энергии пучка. В данной статье рассматривается возможность использования излучения Вавилова-Черенкова для охлаждения высокоэнергетичных протонных пучков. |
| Sprog: | engelsk |
| Udgivet: |
2017
|
| Fag: | |
| Online adgang: | http://earchive.tpu.ru/handle/11683/41450 |
| Format: | MixedMaterials Electronisk Book Chapter |
| KOHA link: | https://koha.lib.tpu.ru/cgi-bin/koha/opac-detail.pl?biblionumber=622679 |
MARC
| LEADER | 00000naa2a2200000 4500 | ||
|---|---|---|---|
| 001 | 622679 | ||
| 005 | 20240215093037.0 | ||
| 035 | |a (RuTPU)RU\TPU\conf\21481 | ||
| 035 | |a RU\TPU\conf\21480 | ||
| 090 | |a 622679 | ||
| 100 | |a 20170703d2017 k y0rusy50 ca | ||
| 101 | 0 | |a eng | |
| 102 | |a RU | ||
| 105 | |a y z 100zy | ||
| 135 | |a drcn ---uucaa | ||
| 181 | 0 | |a i | |
| 182 | 0 | |a b | |
| 200 | 1 | |a Оценка возможности использования черенковского излучения для охлаждения протонного пучка по его энергетическим потерям |d The estimation of cherenkov radiation application for proton beam cooling according to its energy losses |f Ю. С. Маркова |g науч. рук. А. П. Потылицын, А. С. Коньков | |
| 203 | |a Текст |c электронный | ||
| 300 | |a Заглавие с экрана | ||
| 320 | |a [Библиогр.: с. 212 (5 назв.)] | ||
| 330 | |a Одной из основных задач современной физики ускорителей является увеличение энергииускоренных заряженных частиц, изучение столкновения которых позволит ученым выйти за пределы Стандартной модели. Однако, с повышением энергии столкновения пучков, возрастают требования как к оборудованию, так и к характеристикам самого пучка. Одной из проблем при работе с протонными пучками является увеличение фазового объема пучка, так называемое "нагревание" протонов вследствие большого разброса кинетической энергии пучка. В данной статье рассматривается возможность использования излучения Вавилова-Черенкова для охлаждения высокоэнергетичных протонных пучков. | ||
| 461 | 1 | |0 (RuTPU)RU\TPU\conf\21388 |t Перспективы развития фундаментальных наук |l Prospects of Fundamental Sciences Development |o сборник научных трудов XIV Международной конференции студентов, аспирантов и молодых ученых, г. Томск, 25-28 апреля 2017 г. |o в 7 т. |f Национальный исследовательский Томский политехнический университет (ТПУ) ; под ред. И. А. Курзиной, Г. А. Вороновой |d 2017 | |
| 463 | 1 | |0 (RuTPU)RU\TPU\conf\21389 |t Т. 1 : Физика |v [С. 210-212] |d 2017 | |
| 510 | 1 | |a The estimation of cherenkov radiation application for proton beam cooling according to its energy losses |z eng | |
| 610 | 1 | |a труды учёных ТПУ | |
| 610 | 1 | |a электронный ресурс | |
| 610 | 1 | |a ускоренные частицы | |
| 610 | 1 | |a заряженные частицы | |
| 610 | 1 | |a протонные пучки | |
| 610 | 1 | |a кинетическая энергия | |
| 610 | 1 | |a излучения | |
| 700 | 1 | |a Маркова |b Ю. С. | |
| 702 | 1 | |a Потылицын |b А. П. |c российский физик |c профессор Томского политехнического университета |f 1945- |g Александр Петрович |4 727 |9 5531 | |
| 702 | 1 | |a Коньков |b А. С. |c физик |c инженер-проектировщик Томского политехнического университета |f 1987- |g Анатолий Сергеевич |4 727 | |
| 712 | 0 | 2 | |a Национальный исследовательский Томский политехнический университет (ТПУ) |b Физико-технический институт (ФТИ) |b Кафедра прикладной физики (№ 12) (ПФ) |3 (RuTPU)RU\TPU\col\18729 |
| 801 | 2 | |a RU |b 63413507 |c 20170718 |g RCR | |
| 856 | 4 | |u http://earchive.tpu.ru/handle/11683/41450 | |
| 942 | |c BK | ||